000 00544cam a22002051 4500
001 sa 68003401
003 DLC
005 20260227112452.0
008 790203s1968 ii ac 000 0aeng
010 _asa 68003401
020 _cRs 25 (pbk. Rs 15)
035 _a(OCoLC)4614662
040 _aDLC
_cOAkU
_dDLC
042 _apremarc
050 0 0 _aCT1508.R34
_bA3
100 1 _aRanga, N G
245 1 0 _aFight for freedom,
_bautobiography of N.G. Ranga.
260 _aDelhi,
_bS. Chand,
_c1968.
300 _axv, 560 p.
_billus., port.
_c23 cm.
999 _c79458
_d79458